[Event "FIDE-Wch"]
[Site "San Luis"]
[Date "2005.10.13"]
[Round "13"]
[White "Polgar, Judit"]
[Black "Svidler, Peter"]
[Result "1/2-1/2"]
[WhiteElo "2735"]
[BlackElo "2738"]
[Annotator "Mikhalevski,V"]
[PlyCount "77"]
[EventDate "2005.09.28"]
[EventType "tourn"]
[EventRounds "14"]
[EventCountry "ARG"]
[EventCategory "20"]
[SourceTitle "CBM 110"]
[Source "ChessBase"]
[SourceDate "2006.01.31"]
[SourceVersion "1"]
[SourceVersionDate "2006.01.31"]
[SourceQuality "1"]

{The game was played in the penultimate round. While Svidler had to win to
retain some theoretical chances for the title, Polgar had a bad tournament and
brought up the rear.} 1. e4 e5 2. Nf3 Nc6 3. Bb5 a6 4. Ba4 Nf6 5. O-O Be7 6.
Re1 b5 7. Bb3 O-O {Let's make the first stop for some statistics. This
position was rather popular in San Luis with not less than nine games played.
All the players excluding Morozevich had it on the board while Svidler played
it not less than 5(!) times, 4 of them with the black pieces.} 8. c3 {The
brave lady accepts the challenge. Nowadays most of the players are trying to
avoid the sharp and well-explored variation of Marshall. This tournament
hasn't become an exception and only two more games featured the Marshall.} ({
White deviated from 8.c3 six times, three times with each} 8. h3 {scoring 2.5
out of 3}) ({and} 8. a4 {with all three games drawn.}) 8... d5 9. exd5 Nxd5 10.
Nxe5 Nxe5 11. Rxe5 c6 12. d3 {A novelty for this tournament.} ({In two earlier
Marshalls in San Luis White played d4, which is the main alternative to 12.d3.
} 12. d4 Bd6 13. Re1 Qh4 14. g3 Qh3 15. Re4 (15. Be3 Bg4 16. Qd3 Rae8 17. Nd2
Re6 18. a4 Qh5 19. axb5 axb5 20. Qf1 Rfe8 21. Bxd5 Qxd5 22. h3 Bh5 23. Qg2
Qxg2+ 24. Kxg2 f5 $44 {1/2-1/2 Polgar,J-Adams,M/San Luis ARG 2005 (37)}) 15...
g5 16. Qf1 Qxf1+ 17. Kxf1 Bf5 18. f3 h6 19. Nd2 Bxe4 20. fxe4 $44 {1/2-1/2
Anand,V-Svidler,P/San Luis ARG 2005 (39). (38)}) 12... Bd6 13. Re1 Bf5 14. Qf3
Qh4 15. g3 Qh3 16. Nd2 {A very uncommon continuation, which seems to lead to
almost a forced draw.} (16. Bxd5 {is the main line.Here are a few recent
examples:} cxd5 17. Be3 {The latest fashion in the 12.d3-line.} (17. Bf4 {
was tested several times without big successes.} Bg4 (17... Bxf4 18. Qxf4 Bxd3
19. Nd2 $14 {Rodrigez Cespedes,A-Peng Xiaomin,WchT 3rd Luzern 1993/ CBM38
[Wolff].}) 18. Qg2 Bxf4 19. Qxh3 (19. gxf4 d4 20. Qg3 (20. Qxh3 {transposes to
19.Qxh3.}) 20... Rad8 21. c4 Rd6 22. Re5 f5 23. Nd2 Rg6 24. Kh1 Qh5 25. f3 Bh3
26. Qf2 Bg2+ 27. Qxg2 Rxg2 28. Kxg2 bxc4 29. dxc4 Qh4 $19 {0-1 Kotronias,
V-Grischuk,A/Tripoli LBA 2004/The Week in Chess 503 (37)}) 19... Bxh3 20. gxf4
d4 21. cxd4 (21. Nd2 dxc3 22. bxc3 Rfd8 23. Re3 Bf5 24. Ne4 Rac8 25. a4 g6 26.
axb5 axb5 27. h4 Rc6 28. Ra5 Rb6 29. Ra7 h6 30. Kh2 b4 31. cxb4 Rxb4 32. h5
Rbd4 33. hxg6 $11 {1/2-1/2 Bauer,C-Adams,M/Senat FRA 2003.}) 21... Rfd8 22. Re3
Bf5 23. a4 b4 24. Nd2 Rxd4 25. Ne4 g6 26. Rc1 Rad8 27. Rc4 Rxd3 28. Rxd3 Rxd3
29. Rxb4 Bh3 {with more than sufficent compensation for a pawn. Grischuk,
A-Tkachiev,V/Prague CZE 2002.}) 17... Bxd3 18. Qxd5 Rad8 $1 19. Qf3 (19. Qg2 {
provides a nice square on f5 for the black queen.} Qf5 20. Nd2 b4 21. Bd4 bxc3
22. bxc3 h6 23. a4 Rfe8 24. Qc6 {1/2-1/2 Grischuk,A-Khalifman,A/Rethymnon GRE
2003.}) 19... Qf5 ({Black can also play with the queens:} 19... Bc4 20. Nd2 Be6
21. Bd4 h6 22. a3 Bb8 23. Qg2 Qf5 24. f3 Rfe8 25. Ne4 Bd5 26. Re2 Re6 27. Rae1
{1/2-1/2 Kasimdzhanov,R-Adams,M/Linares ESP 2005.}) 20. Qxf5 Bxf5 21. Nd2 Rfe8
22. Bd4 f6 23. Nb3 (23. f3 b4 24. Ne4 Bc7 25. Kf2 bxc3 26. bxc3 Rb8 27. Re2 Kf7
28. Rd1 h5 29. Bc5 Kg6 30. Bd4 {1/2-1/2 Carlsen,M-Anand,V/Leon ESP 2005/The
Week in Chess 553 (30)}) 23... Kf7 24. Bb6 Rc8 25. Rxe8 Rxe8 26. Rd1 Bf8 27.
Nd4 Be4 28. f3 Bd5 29. a3 Rb8 30. Bc7 Rb7 31. Bf4 Bc5 $44 {1/2-1/2
Kasimdzhanov,R-Onischuk,A/Calvia ESP 2004. All these games show that a pair of
bishops is usually a sufficient compensation for a pawn.}) 16... Rae8 17. Ne4
Bg4 18. Qg2 Qxg2+ $1 {A precise move demonstrated earlier this year by Levon
Aronian. Black needs the white king on g2 in order to have a check on f3 after
the exchange on e4.} ({In case of} 18... f5 {Black experiences problems.} 19.
Qxh3 Bxh3 20. Bd2 {After the exchange on g2 neither this move nor} (20. c4 $5 {
is possible.}) 20... fxe4 21. dxe4 Bc5 (21... Be6 22. exd5 Bxd5 23. Rxe8 Rxe8
24. Be3 $16 {1-0 Pariente Lopez,F-Rubio Doblas,R/Malaga 1995.}) 22. Be3 Rxe4
23. Bxc5 Rfe8 24. Rxe4 Rxe4 25. Be3 $1 Kf8 26. Re1 {and White ends up a pawn
for nothing in both cases. 1-0 Kotronias,V-Nakamura,H/Port Erin IOM 2004.}) 19.
Kxg2 f5 {[%csl Rd5,Re1,Re4,Rg8]} 20. Bf4 {Formally this is a novelty, but in
fact the difference with Aronian's game is only in the position of the h-pawn
which doesn't seem to matter.} (20. h3 Bh5 (20... fxe4 $2 {is bad in view of}
21. hxg4 exd3 22. Rxe8 Rxe8 23. Be3 $1 {Preparing Rd1.} Re5 24. Bf4 $1 Re6 25.
Bxd5 cxd5 26. Bxd6 Rxd6 27. Rd1 $16) 21. Bf4 $1 Bxf4 22. gxf4 fxe4 23. dxe4
Bf3+ $1 {A nice tactical trick, which allows Black to restore material
equality.} 24. Kxf3 Rxf4+ 25. Kg3 Rfxe4 26. Rxe4 Rxe4 27. f3 Re2 28. c4 bxc4
29. Bxc4 Rxb2 30. Bxa6 g5 {1/2-1/2 Nakamura,H-Aronian,L/Caleta ENG 2005. and
Black successfully compensated White's passed a-pawn by counterplay on the
kingside.}) ({Now} 20. Bd2 $2 {would be a blunder in view of} fxe4 21. dxe4
Bf3+ $1 {That's why 18...Qxg2 was played!}) 20... Bxf4 21. gxf4 fxe4 22. dxe4
Bf3+ $1 {Coping Aronian's play in the above-mentioned game.} 23. Kxf3 Rxf4+ 24.
Kg3 Rfxe4 25. Rxe4 Rxe4 26. f3 Re5 {Only now Svidler deviates from Aronian's
Re2. Probably he considered the position which arose in Nakamura-Aronian as
dangerous for Black.} 27. c4 $1 {The only try to play for a win. This way
White succeeds to destroy Black's pawn structure on the queenside.} (27. a4 Kf8
28. axb5 axb5 29. Ra6 ({or} 29. h4 Ke7) 29... c5 {with equality in both cases.}
) 27... bxc4 {The knight can't move in view of a discovered check.} 28. Bxc4 a5
29. Rc1 $1 {[%csl Rc6] I believe Judit is still in her home preparation. White
wants to exploit weakness of the c6-pawn by means of Bb3.} Kf8 $1 {Unpinning
the knight.} 30. Bxd5 {Probably too tired of the tournament Judit forces a
draw.} (30. Bb3 Ne7) ({If White wanted to set some problems she had to try to
cover the g5-square and take her h-pawn away from the second rank with} 30. h4
$1 {[%csl Gg5] though even in this case White chances for a win are not big.})
30... Rg5+ $5 {[%csl Rh2] An interesting intermediate move, which forces White
to leave the h-pawn unprotected.} ({I believe there was also nothing wrong with
} 30... cxd5 31. Rc5 a4 32. Kf2 Rh5 33. Kg3 Re5 $11 {with an obvious draw.})
31. Kf4 ({Certainly the passive} 31. Kf2 Rxd5 32. Ke1 Rh5 {is fine for Black.})
31... Rxd5 32. Rxc6 Rd2 {[%csl Rb2,Rh2]} 33. Ra6 Rxh2 {The point of the
intermedite check on the 30th move.} 34. Rxa5 Rxb2 $11 {Now it's a dead draw.}
35. a4 Kf7 36. Kf5 g6+ 37. Ke5 {With the positional threat of Ra7+. So} Re2+
38. Kf4 h5 39. Ra7+ {The game leaves the question where to look for an
advantage in the 12.d3-line open.} 1/2-1/2

[Event "Tata Steel-A 73rd"]
[Site "Wijk aan Zee"]
[Date "2011.01.23"]
[Round "8"]
[White "Anand, Viswanathan"]
[Black "Aronian, Levon"]
[Result "1/2-1/2"]
[WhiteElo "2810"]
[BlackElo "2805"]
[Annotator "Moradiabadi,E"]
[PlyCount "67"]
[EventDate "2011.01.14"]
[EventType "tourn"]
[EventRounds "13"]
[EventCountry "NED"]
[EventCategory "20"]
[SourceTitle "CBM 141"]
[Source "ChessBase"]
[SourceDate "2011.03.17"]
[SourceVersion "1"]
[SourceVersionDate "2011.03.17"]
[SourceQuality "1"]

1. e4 {A "dull" game between the 2nd and 3rd ranked in the table.} e5 2. Nf3
Nc6 3. Bb5 a6 4. Ba4 Nf6 5. O-O Be7 6. Re1 b5 7. Bb3 O-O 8. c3 d5 {#"Marshall
Attack" is not a new visitor in games between these two giants. It is one of
Aronian's main weapons when he wants to play it "safe".} 9. exd5 Nxd5 10. Nxe5
Nxe5 11. Rxe5 c6 12. d4 Bd6 13. Re1 Qh4 14. g3 {This is considered as the main
line.} Qh3 15. Be3 Bg4 16. Qd3 Rae8 17. Nd2 Qh5 {#This position has been
examined several times at the top level. For instance the latest encounters in
this line went as below:} 18. Qf1 {Anand stays faithful to old principles of
the line! He does not leave any room for Black to create counterplay, on the
other hand, White also stays too passive and is not able to take advantage of
his material superiority.} (18. a4 Re6 19. axb5 axb5 20. Nf1 Bf5 21. Qd2 Bh3
22. Bd1 Qg6 23. Bc2 Qh5 24. Bd1 Qg6 25. Bc2 Qh5 26. Qd1 Bg4 27. Qd3 f5 28. Bd2
f4 29. Rxe6 Bxe6 30. Bd1 Qf7 31. Bc2 Qh5 32. Bd1 Qf7 33. Bc2 {1/2-1/2 (33)
Shirov,A (2739)-Aronian,L (2783)/Moscow 2010/CBM 139}) (18. Bc2 f5 19. f3 Bh3
20. Bf2 Nf4 21. gxf4 Bxf4 22. Bg3 Qg5 23. Bb3+ Kh8 24. Nf1 h5 25. Qc2 h4 26.
Qf2 Bxf1 27. Qxf1 hxg3 28. Qh3+ Qh6 29. Qxh6+ gxh6 30. hxg3 Bxg3 31. Re6 Rxe6
32. Bxe6 Re8 33. Bxf5 Re2 34. a4 Rxb2 35. axb5 axb5 36. Ra6 h5 37. Rxc6 h4 38.
Rb6 Kg7 39. Bd7 Be1 40. Rxb5 Rxb5 41. Bxb5 Bxc3 42. d5 {1/2-1/2 (42) Shirov,A 
(2749)-Aronian,L (2783)/Shanghai 2010/CBM 138}) 18... Re7 19. a4 Rfe8 20. axb5
axb5 {Nothing new yet. Aronian faced this position before against Bacrot.} 21.
Bxd5 Qxd5 22. Qg2 Qxg2+ 23. Kxg2 h5 {#} 24. Rec1 $146 {Anand is the first to
deviate from Bacrot-Aronian, however, his try to enable his majority on the
queenside does not seem that successful in face of Black's pair of bishops and
full piece activity.} f6 25. b3 g5 26. c4 bxc4 27. Nxc4 Bc7 28. Na5 Bxa5 29.
Rxa5 Bd7 30. b4 Rb8 31. Rc4 Kf7 32. Kf1 Kg6 33. Ke2 Bg4+ 34. Kd2 {The position
is a draw in spite of White's extra pawn.} 1/2-1/2

[Event "Dortmund SuperGM 37th"]
[Site "Dortmund"]
[Date "2009.07.10"]
[Round "8"]
[White "Jakovenko, Dmitrij"]
[Black "Bacrot, Etienne"]
[Result "1-0"]
[WhiteElo "2760"]
[BlackElo "2721"]
[Annotator "Mueller,Karsten"]
[PlyCount "161"]
[EventDate "2009.07.02"]
[EventType "tourn"]
[EventRounds "10"]
[EventCountry "GER"]
[EventCategory "20"]
[SourceTitle "CBM 131"]
[Source "ChessBase"]
[SourceDate "2009.07.15"]
[SourceVersion "1"]
[SourceVersionDate "2009.07.15"]
[SourceQuality "1"]

1. e4 e5 2. Nf3 Nc6 3. Bb5 a6 4. Ba4 Nf6 5. O-O Be7 6. Re1 b5 7. Bb3 O-O 8. c3
d5 9. exd5 Nxd5 10. Nxe5 Nxe5 11. Rxe5 c6 12. d4 Bd6 13. Re1 Qh4 14. g3 Qh3 15.
Qe2 Bg4 16. Qf1 Qh5 17. Be3 Rae8 18. Nd2 Re6 19. f3 Nxe3 20. Qf2 Nd5 21. fxg4
Qxg4 22. Qf3 Qg5 23. Rxe6 fxe6 24. Ne4 Qg6 25. Qd3 h5 26. Bc2 Bf4 27. Re1 h4
28. Nf2 Qxd3 29. Nxd3 Be3+ 30. Kg2 Bd2 31. Re2 Ne3+ 32. Kh3 hxg3 33. Kxg3 Nf1+
34. Kh3 Rf6 35. Ne5 Bc1 36. Ng4 Rf3+ 37. Kg2 Rf4 38. Bb3 Rxg4+ 39. Kxf1 Rg6 40.
Bxe6+ Kf8 41. b4 Rf6+ 42. Kg2 Rg6+ 43. Kf3 Rf6+ 44. Kg3 Bf4+ 45. Kg4 Bc7 46.
Bd7 Rd6 47. Bf5 a5 48. a3 Rf6 49. h4 g6 50. Be4 axb4 51. axb4 Kg7 52. Bg2 Kh6
53. Re8 Bf4 54. Re2 Bc1 55. Bf3 Kg7 56. Kg3 Kf7 57. Kg2 Bf4 58. Kf2 Re6 59. Be4
Rf6 60. Kg2 Bh6 61. Ra2 Ke7 62. Bf3 Kd7 63. Ra6 Ke7 64. Ra7+ Kd8 65. Ra6 Ke7
66. Ra2 Kd7 67. Re2 Kd6 68. Bg4 Kd5 69. Re5+ Kc4 70. Rc5+ Kd3 71. d5 Bf8 72.
Rxc6 Rxc6 73. dxc6 Bd6 74. Kf3 Kxc3 75. Ke4 Kxb4 76. Kd5 Bg3 $2 (76... Bb8 77.
Be2 Ka5 {This deviation is the way. dieser Umweg ist geboten.} ({The direct
Das direkte} 77... Kc3 $2 {fails scheitert:} 78. Bxb5 Bg3 79. Ke6 Kd4 80. Be2
Ke4 (80... Kc5 $2 81. Bf3 $18) 81. Bd1 Bc7 (81... Be5 82. Bc2+ Kf4 83. Bxg6 Bc7
84. Bf5 $18) 82. Kf6 Kd5 83. Bf3+ Kd6 84. Kxg6 Ke7 85. h5 Kf8 86. Bd5 $18 {
and the king is shut off from the saving corner, so that White wins slowly but
surely as his passed pawns are far enough away from each other. und der König
ist von der rettenden Ecke abgesperrt, so dass Weiß langsam aber sicher
gewinnt, weil seine Freibauern weit genug voneinander entfernt sind.}) 78. Ke6
(78. Bd3 Kb6 79. Bxg6 Bf4 80. h5 Kc7 81. Kc5 b4 82. Bf7 Be3+ 83. Kb5 Bf4 84.
Bd5 Bd2 85. Kc5 Kc8 $11) 78... Kb6 79. Kd7 {But now things move to the
kingside: Jetzt geht es aber ab zum Königsflügel:} Kc5 80. Bd3 (80. c7 Bxc7 81.
Kxc7 Kd5 82. Kd7 Ke5 83. Ke7 Kf5 84. Kf7 b4 $11) 80... Kd4 81. Bxg6 {and it
can be calculated that the king can now cross the diagonal: und es zahlt sich
aus, dass der König nun die Diagonale überschreiten kann:} Ke5 82. Ke7 Bd6+ 83.
Kf7 Kd5 84. Be4+ Kxe4 85. Ke6 Be5 86. h5 b4 $11) 77. Bf3 Ka5 78. Ke6 b4 ({
Nor does Auch} 78... Kb6 79. Kd7 Kc5 {help any longer: hilft nicht mehr:} 80.
Be4 Bb8 (80... Kd4 81. Bxg6 Bb8 82. Ke6 Kc5 83. h5 Kxc6 84. h6 Ba7 85. Be8+ Kc7
86. Kd5 $18) 81. Bxg6 Kd5 82. h5 Ke5 83. Ke7 Bd6+ 84. Kf7 Kd5 85. Be4+ $3 {
The bishop sacrifices itself so that the c-pawn can stay alive. Der Läufer
opfert sich, damit der c-Freibauer erhalten bleibt.} Kxe4 (85... Kc5 86. Ke6
$18) 86. h6 Kd5 87. h7 Be5 88. c7 $18) 79. Be4 Kb5 80. Kd7 Kc5 81. Bxg6 ({
and Bacrot resigned in view of und Bacrot gab angesichts von} 81. Bxg6 Kd5 82.
h5 Ke5 83. c7 {. auf.}) 1-0

[Event "Corus-B"]
[Site "Wijk aan Zee"]
[Date "2006.01.15"]
[Round "2"]
[White "Stellwagen, Daniel"]
[Black "Vescovi, Giovanni P"]
[Result "0-1"]
[WhiteElo "2573"]
[BlackElo "2633"]
[Annotator "Mueller,Karsten"]
[PlyCount "90"]
[EventDate "2006.01.14"]
[EventType "tourn"]
[EventRounds "13"]
[EventCountry "NED"]
[EventCategory "15"]
[SourceTitle "CBM 111"]
[Source "ChessBase"]
[SourceDate "2006.04.04"]
[SourceVersion "1"]
[SourceVersionDate "2006.04.04"]
[SourceQuality "1"]

1. e4 e5 2. Nf3 Nc6 3. Bb5 a6 4. Ba4 Nf6 5. O-O Be7 6. Re1 b5 7. Bb3 O-O 8. c3
d5 9. d4 exd4 10. e5 Ne4 11. cxd4 Bf5 12. Nbd2 Nb4 13. Nf1 c5 14. Ne3 Be6 15.
dxc5 Bxc5 16. a3 Nc6 17. Bc2 Rc8 18. Qd3 Qc7 19. Nxd5 Bxd5 20. Qxd5 Bxf2+ 21.
Kf1 Ne7 22. Qxe4 Qxc2 23. Qxc2 Rxc2 24. Re2 Rxe2 25. Kxe2 Bb6 26. Be3 Bxe3 27.
Kxe3 Rc8 28. Rd1 Nf5+ 29. Ke2 h5 30. Nd4 Nxd4+ 31. Rxd4 Rc5 32. Kf3 Rxe5 33. a4
g6 34. axb5 axb5 35. Rd6 Rf5+ 36. Ke3 Kf8 37. Rd7 Kg7 38. Rd6 Kh6 39. h4 Rc5
40. Kd3 $2 {Das verliert mehr oder weniger forciert. Es ist aber nicht leicht,
Weiß aus der Misere zu helfen.} Rc4 $1 $19 41. Rd4 Rxd4+ 42. Kxd4 g5 $1 43. Kc5
{[%tqu "De","Schwarz zieht und gewinnt","","","f7f5","",4]} f5 $1 {[%cal Gf5f3,
Gg5h4,Gh4h1] Ein wunderschöner Durchbruch.} 44. Kxb5 (44. hxg5+ Kxg5 45. Kxb5
f4 46. Ka6 f3 47. gxf3 h4 48. b4 h3 49. b5 h2 50. b6 h1=Q 51. b7 Qh2 52. Ka7
Qc7 53. Ka8 Qa5+ 54. Kb8 Kf4 55. Kc8 Qc5+ 56. Kd7 Qb6 57. Kc8 Qc6+ 58. Kb8 Ke5
59. f4+ Kd6 60. f5 Qb6 61. f6 Kc6 62. f7 Qxb7#) 44... f4 45. Kc4 f3 (45... f3
46. gxf3 gxh4 {[%cal Gh4e1,Gh4e4,Ge4e1,Gh4h1,Gh1e1] und der weiße König kann
nicht ins Quadrat ziehen.}) 0-1

[Event "St Petersburg op"]
[Site "St Petersburg"]
[Date "1995.??.??"]
[Round "3"]
[White "Aseev, Konstantin N"]
[Black "Frolov, Denis"]
[Result "1-0"]
[WhiteElo "2530"]
[BlackElo "2355"]
[Annotator "Notkin,M"]
[PlyCount "131"]
[EventDate "1995.05.??"]
[EventType "swiss"]
[EventRounds "9"]
[EventCountry "RUS"]
[SourceTitle "CBM 046 Extra"]
[Source "ChessBase"]
[SourceDate "1995.07.01"]
[SourceVersion "1"]
[SourceVersionDate "1995.07.01"]
[SourceQuality "1"]

1. e4 e5 2. Nf3 Nc6 3. Bb5 a6 4. Ba4 Nf6 5. O-O Be7 6. Re1 b5 7. Bb3 O-O 8. c3
d5 9. exd5 Nxd5 10. Nxe5 Nxe5 11. Rxe5 c6 12. d4 Bd6 13. Re1 Qh4 14. g3 Qh3 15.
Be3 Bg4 16. Qd3 f5 17. f4 Kh8 18. Bxd5 cxd5 19. Nd2 g5 20. Qf1 Qh5 21. fxg5 (
21. a4 $5 bxa4 22. Rxa4 (22. fxg5 f4 23. Bxf4 Rxf4 24. gxf4 Rf8 25. Re5 Bxe5
26. dxe5 h6 27. Qxa6 hxg5 28. Qd6 $1 Rxf4 29. Rf1 Bf5 30. Qxd5 $16 {Sax,
G-Ehlvest,J/Skelettea/1989/1:0/50/}) 22... Rae8 23. Raa1 Re6 24. Rxa6 $2 gxf4
25. Bxf4 Rxe1 26. Qxe1 Bxf4 27. gxf4 Be2 $1 {/Janosevic,D-Blatny,F/Bad
Worishofen/1989/0:1/28/}) 21... f4 22. Bxf4 Rxf4 23. gxf4 Rf8 24. Re5 Bxe5 25.
dxe5 h6 26. Qf2 $5 (26. Re1 hxg5 27. f5 Rxf5 28. Qd3 Bh3 (28... Rf2 29. h3 Qh4
30. Rf1 Bf5 31. Qe3 Rxf1+ 32. Nxf1 Bxh3 33. e6 Qg4+ {Sokolov,A-Ehlvest,J/
Rotterdam/1989/}) 29. e6 Rf4 30. Qe2 Qh4 31. Kh1 Rf2 32. Qe5+ Kh7 33. e7 Bd7
34. Nf3 $1 $18 {Koti-Riszt/corr/1983/1:0/61/}) 26... hxg5 27. Qc5 Rxf4 28. Rf1
Bf3 (28... Bh3 29. Rxf4 gxf4 30. Qf8+ Kh7 31. Qxf4 $18) (28... Rxf1+ 29. Nxf1
Bh3 30. Qf8+ Kh7 31. Ne3 Qe2 32. Qf2 $18) (28... Bf5 $5 29. Qxd5 Bh3 30. Rxf4
gxf4 31. Qf3 Qh4 32. Qe4 Qg4+ 33. Kf2 Qh4+ 34. Ke2 Bg4+ 35. Kd3 Qxh2 36. e6
Qh3+ 37. Kd4 Bxe6 38. Qxf4 Bxa2 39. Qf6+ Kh7 40. Qxa6 Qd7+ 41. Kc5 Qf5+ 42. Kb4
Qf4+ 43. Kxb5 (43. Ka3 $6 Bf7 44. Qa7 Qd6+ 45. b4 Qd5 $19) 43... Qxd2 44. Qxa2
Qd7+ 45. Kb4 Qb7+ 46. Ka4 Qa6+ 47. Kb3 Qb5+ 48. Kc2 $10) 29. Qc8+ Kg7 30. Nxf3
Rxf3 31. Qd7+ Kh6 32. Qe6+ Kg7 33. Qe7+ Kh6 34. Qd6+ Kg7 35. Qc7+ Kh6 36. Qc6+
Kg7 37. Qb7+ Kh8 38. Qa8+ Kg7 39. Qa7+ Kh8 $2 (39... Kg8 40. Rxf3 Qxf3 41. Qd4
Kf7 $10) 40. Rxf3 Qxf3 41. Qd4 Kg7 (41... Kg8 42. e6 Qf5 43. Qe3 Kf8 (43...
Qb1+ 44. Kg2 Qxb2+ 45. Kg3 Kf8 46. Qc5+ $18) 44. Qf2 $1 Qxf2+ 45. Kxf2 Ke7 46.
Ke3 Kxe6 47. Kd4 Kd6 48. h3 (48. b3 $1 a5 (48... Ke6 49. Kc5 Ke5 50. a4 Ke4 (
50... bxa4 51. bxa4 Ke4 52. a5 $18) 51. axb5 axb5 52. Kxb5 Kd3 53. Kc5 Kxc3 54.
Kxd5 Kxb3 55. Ke5 Kc4 56. Kf5 Kd5 57. Kxg5 Ke6 58. Kg6 $18) (48... Kc6 49. Ke5
Kc5 50. a3 $1 a5 51. Kf5 a4 (51... b4 52. cxb4+ axb4 53. a4) 52. bxa4 bxa4 53.
Kxg5 Kc4 54. h4 Kxc3 55. h5 $18) (48... g4 49. a3 Ke6 50. a4 bxa4 51. bxa4 Kd6
52. a5 Kc6 53. c4 dxc4 54. Kxc4 Kd6 55. Kd4) 49. a4 bxa4 50. bxa4 Kc6 51. c4
$18) 48... a5 49. b3 b4) 42. e6+ Kf8 43. Qc5+ Kg7 44. Qc7+ Kg6 45. Qe5 $18 Qd1+
46. Kf2 Qd2+ 47. Kf3 Qd1+ (47... Qd3+ 48. Qe3 Qxe3+ 49. Kxe3 Kf6 50. Kd4 Kxe6
51. Kc5 Ke5 52. Kb6 Ke4 53. Kxa6 Kf3 54. Kxb5 Kg2 55. a4 Kxh2 56. a5 $18) 48.
Ke3 d4+ (48... Qg1+ 49. Ke2 Qg4+ 50. Kd2 Qg2+ 51. Kd3 $18) 49. Qxd4 Qe1+ 50.
Kd3 Qd1+ (50... Qxe6 51. Qe4+) 51. Ke4 Qh1+ 52. Ke5 Qxh2+ 53. Kd5 Qc7 54. Qd3+
Kf6 55. Qd4+ Kg6 56. Qe5 Qe7 57. Qe4+ Kf6 58. Qd4+ Kg6 59. Qd3+ Kf6 60. Qf3+
Kg6 61. Qe4+ Kf6 62. Qe5+ Kg6 63. Kc6 g4 64. Qd6 Qe8+ (64... Kf6 65. Qf4+ Kxe6
66. Qxg4+ Kf7 67. Qd7 $18) 65. Qd7 Qa8+ 66. Kb6 1-0